000 00589nam a2200193Ia 4500
005 20250508165854.0
008 008 250505s9999 xx 000 0 hin d
037 _aDissertations
040 _aFEDL
_beng
_cFEDL
041 _ahin
_2eng
084 _a371.1, JOG/DI
_qFEDL
100 _aJogender Kumar
_9772510
245 0 _aSarkari vidyalayon mein anubandh per shikshakon ke jeewan ka katha varnan
260 _c2017
300 _a175p.
546 _aM. Phil Dissertation (Delhi University); C D Included
942 _cDIS
_h371.1, JOG/DI
999 _c1397916
_d1397916